00505nam a22001697a 450000500170000001000150001702000260003203500140005803700090007208200140008110000230009524500530011825000060017126000430017727000950022030000200031520260701162756.0 aENG-148958 a9789395659314c280.00 aEN-132490 bDBAD a657.4521 aSelvi, K. Thamarai aBasic Principles of Auditing/cK. Thamarai Selvi a1 aBangalorebBeyondline Publishersc2024 a513 Ground Floor, Arkavathi Layout, 19th Block, Chelikere, Kalyan NagarbBangaloree560043 a156p.c22cm(pb)